L'Eucharistie, sacrement de l'Alliance.
Uloženo v:
| Hlavní autor: | |
|---|---|
| Médium: | Kniha |
| Vydáno: |
Paris, France:
Les éditions du Cerf,
2013.
|
| Edice: | Lire la Bible
|
| Témata: | |
| Tagy: |
Přidat tag
Žádné tagy, Buďte první, kdo vytvoří štítek k tomuto záznamu!
|
MARC
| LEADER | 00000nam a22000007a 4500 | ||
|---|---|---|---|
| 003 | CL-VaPUC | ||
| 005 | 20230406093835.0 | ||
| 008 | 230328t2013 ||||| |||| 00| 0 eng d | ||
| 999 | |c 440351 |d 440349 | ||
| 020 | |a 978-2-204-09982-0 | ||
| 022 | |a 0588-2257 | ||
| 040 | |c Pontificia Universidad Católica de Valparaíso | ||
| 082 | 0 | 4 | |2 22 |a 234.163 REN 2013 |
| 100 | 1 | |a Renaud, Bernard |9 562977 |e auteur | |
| 245 | 1 | 2 | |a L'Eucharistie, sacrement de l'Alliance. |
| 260 | |a Paris, France: |b Les éditions du Cerf, |c 2013. | ||
| 300 | |a 267 páginas. | ||
| 490 | 0 | |a Lire la Bible |n 183. | |
| 500 | |a c.1 Donación Padre Cristian Eichin. Memo 1/2023 | ||
| 583 | |c 20230328 |k Catalogador Asistente | ||
| 650 | 1 | |a Eucaristía |x Iglesia Católica |9 881057 | |
| 650 | 1 | |a Alianza (teología) |x Iglesia Católica |9 881083 | |
| 650 | 1 | |a Cena del Señor |x Iglesia Católica |9 881084 | |
| 942 | |2 ddc |c BK | ||
| 952 | |0 0 |1 0 |2 ddc |4 0 |6 234_163000000000000_REN_2013 |7 0 |8 A |9 589308 |a BIBTEO |b BIBTEO |d 2023-03-28 |e Donación |i 5656881 |o 234.163 REN 2013 |p 5656881 |r 2025-01-17 |t 1 |w 2023-03-28 |y BK |k ICR | ||